Leading the small church : (Record no. 21014)
[ view plain ]
| 000 -LEADER | |
|---|---|
| fixed length control field | 01828cam a2200361 a 4500 |
| 001 - CONTROL NUMBER | |
| control field | 14297015 |
| 003 - CONTROL NUMBER IDENTIFIER | |
| control field | OSt |
| 005 - DATE AND TIME OF LATEST TRANSACTION | |
| control field | 20251210151144.0 |
| 008 - FIXED-LENGTH DATA ELEMENTS--GENERAL INFORMATION | |
| fixed length control field | 060313s2006 miua b 000 0 eng |
| 010 ## - LIBRARY OF CONGRESS CONTROL NUMBER | |
| LC control number | 2006008678 |
| 020 ## - INTERNATIONAL STANDARD BOOK NUMBER | |
| International Standard Book Number | 082542447X |
| 035 ## - SYSTEM CONTROL NUMBER | |
| System control number | 14297015 |
| 040 ## - CATALOGING SOURCE | |
| Original cataloging agency | DLC |
| Transcribing agency | DLC |
| Modifying agency | DLC |
| 042 ## - AUTHENTICATION CODE | |
| Authentication code | pcc |
| 050 00 - LIBRARY OF CONGRESS CALL NUMBER | |
| Classification number | BV637.8 |
| Item number | .D35 2006 |
| 082 00 - DEWEY DECIMAL CLASSIFICATION NUMBER | |
| Classification number | 253 |
| Edition number | 22 |
| 100 1# - MAIN ENTRY--PERSONAL NAME | |
| Personal name | Daman, Glenn. |
| 245 10 - TITLE STATEMENT | |
| Title | Leading the small church : |
| Remainder of title | how to develop a transformational ministry / |
| Statement of responsibility, etc. | Glenn C. Daman. |
| 260 ## - PUBLICATION, DISTRIBUTION, ETC. (IMPRINT) | |
| Place of publication, distribution, etc. | Grand Rapids, MI : |
| Name of publisher, distributor, etc. | Kregel Publications, |
| Date of publication, distribution, etc. | c2006. |
| 300 ## - PHYSICAL DESCRIPTION | |
| Extent | 233 p. : |
| Other physical details | ill. ; |
| Dimensions | 22 cm. |
| 336 ## - CONTENT TYPE | |
| Content type term | text |
| Content type code | txt |
| Source | rdacontent |
| 337 ## - MEDIA TYPE | |
| Media type term | unmediated |
| Media type code | n |
| Source | rdamedia |
| 338 ## - CARRIER TYPE | |
| Carrier type term | volume |
| Carrier type code | nc |
| Source | rdacarrier |
| 500 ## - GENERAL NOTE | |
| General note | "With all that has been written on leadership today, we have lost sight of the simplicity of ministry"- -Cover. |
| 504 ## - BIBLIOGRAPHY, ETC. NOTE | |
| Bibliography, etc | Includes bibliographical references (p. 225-231). |
| 505 0# - FORMATTED CONTENTS NOTE | |
| Formatted contents note | Returning to an old paradigm -- Ministry : complex or simple -- The necessity and uniqueness of biblical leadership -- The foundation of leadership -- The purpose of leadership : the call to a transformational ministry -- The goal of leadership. 1, Transforming the church -- The purpose of leadership. 2, Transforming the community -- The priority of leadership. 1, Being a model -- The priority of leadership. 2, Preaching the Word -- The responsibility of leadership : shepherding the flock -- The context of leadership : the small church. |
| 650 #0 - SUBJECT ADDED ENTRY--TOPICAL TERM | |
| Topical term or geographic name as entry element | Small churches. |
| 650 #0 - SUBJECT ADDED ENTRY--TOPICAL TERM | |
| Topical term or geographic name as entry element | Pastoral theology. |
| 906 ## - LOCAL DATA ELEMENT F, LDF (RLIN) | |
| a | 7 |
| b | cbc |
| c | orignew |
| d | 1 |
| e | ecip |
| f | 20 |
| g | y-gencatlg |
| 942 ## - ADDED ENTRY ELEMENTS (KOHA) | |
| Source of classification or shelving scheme | Library of Congress Classification |
| Koha item type | General Collection |
| Withdrawn status | Lost status | Source of classification or shelving scheme | Not for loan | Home library | Current library | Shelving location | Date acquired | Source of acquisition | Inventory number | Total Checkouts | Full call number | Barcode | Date last seen | Copy number | Price effective from | Koha item type |
|---|---|---|---|---|---|---|---|---|---|---|---|---|---|---|---|---|
| Library of Congress Classification | Kabarak, Main Campus | Kabarak, Main Campus | General Stacks | 10/12/2025 | Donation | 2025/2390 | BV637.8 .D35 2006 C.1 | 39264 | 10/12/2025 | C.1 | 10/12/2025 | General Collection |